Slovensko v EÚ 2018 mladá generácia
Gespeichert in:
| Format: | Buch |
|---|---|
| Sprache: | Slowakisch Englisch |
| Veröffentlicht: |
Bratislava
Štatistický úrad Slovenskej republiky
2018
|
| Schlagworte: | |
| Tags: |
Keine Tags, Fügen Sie das erste Tag hinzu!
|
MARC
| LEADER | 00000nlm a2200000 4500 | ||
|---|---|---|---|
| 001 | 0245589 | ||
| 005 | 20251210075920.1 | ||
| 020 | |a 978-80-8121-620-6 | ||
| 020 | |a 978-80-8121-621-3 | ||
| 041 | 0 | |a slo | |
| 041 | 0 | |a eng | |
| 044 | |a SK | ||
| 245 | 1 | 0 | |a Slovensko v EÚ 2018 |b mladá generácia |
| 264 | 1 | |a Bratislava |b Štatistický úrad Slovenskej republiky |c 2018 | |
| 300 | |a 50 s. | ||
| 500 | |a Zdroj dokumentu: Štatistický úrad SR | ||
| 610 | 2 | 0 | |a Slovensko |
| 610 | 2 | 0 | |a Európska únia |
| 610 | 2 | 0 | |a mládež |
| 610 | 2 | 0 | |a obyvateľstvo |
| 610 | 2 | 0 | |a migrácia |
| 610 | 2 | 0 | |a trh práce |
| 610 | 2 | 0 | |a príjmy |
| 610 | 2 | 0 | |a podmienky životné |
| 610 | 2 | 0 | |a zdravie |
| 610 | 2 | 0 | |a vzdelávanie |
| 610 | 2 | 0 | |a veda |
| 610 | 2 | 0 | |a technika |
| 610 | 2 | 0 | |a komunikácia |